000 00690nam a2200241 i 4500
001 C2-0264854
003 PPAK
005 20180727233007.0
008 050517s2004 my |||| ||||| | may d
020 _a9676116203
040 _aPPAK
_beng
_cPPAK
_erda
082 0 4 _a338.9595
_223
090 0 0 _a338.9595
_bDAS
_dG
090 0 0 _a338.9595
_bDAS
_dR
245 0 0 _aDasar ekonomi baru :
_bintipati
264 1 _aKuala Lumpur :
_bUtusan Publications ,
_c2004
300 _axx, 64 pages ;
_c22 cm
336 _2rdacontent
_atext
337 _2rdamedia
_aunmediated
338 _2rdacarrier
_avolume
650 1 0 _aMalaysia - Economic policy. ; Malaysia - Economic conditions.
942 _ddc
_cB
999 _c74514
_d74514